| 000 | 00337nam a2200133 a 4500 | ||
|---|---|---|---|
| 001 | 3828 | ||
| 003 | CDMR | ||
| 005 | 20130116135249.0 | ||
| 008 | 130130s1989||||||||||||||||||||||||||||d | ||
| 040 |
_aCDMR _bcat _cCPC GIRONA |
||
| 245 | 0 | _a10 anys d'Ajuntaments democràtics | |
| 260 |
_c1989 _bFederació de Municipis de Catalunya |
||
| 942 | _cMON | ||
| 999 |
_c3828 _d3828 |
||